=LDR 00000nam 2200000 4500 =001 INLIS000000000023167 =005 20130612121842 =008 ***********************************Ind** =035 ##$$0010-061300000023167 =041 ##$$a Ind =090 ##$$a 323.44, Mul p =100 ##$$a Lanur Alex =245 ##$$a On Liberty, Alex Lanur =260 ##$$a 1996 $b Jakarta =300 ##$$a 186 hlm, 21 cm =650 ##$$a Kebebasan =850 ##$$a NBPNMAT =990 ##$$a 0001/BPAP-NTB/20142015